Paintindia. (Record no. 20891)

MARC details
000 -LEADER
fixed length control field 01179nam a22003617a 4500
005 - DATE AND TIME OF LATEST TRANSACTION
control field 20200123112135.0
008 - FIXED-LENGTH DATA ELEMENTS--GENERAL INFORMATION
fixed length control field 800711u1968uuuuii arz 0 a0eng
022 ## - INTERNATIONAL STANDARD SERIAL NUMBER
International Standard Serial Number 0556-4409
030 ## - CODEN DESIGNATION
CODEN PIDABZ
035 ## - SYSTEM CONTROL NUMBER
System control number (OCoLC)ocm06507673
040 ## - CATALOGING SOURCE
Original cataloging agency DLC
Transcribing agency DLC
Modifying agency OCoLC
-- AIP
-- NSDP
-- DLC
-- NST
-- OCoLC
-- OCoLC
042 ## - AUTHENTICATION CODE
Authentication code lc
-- nsdp
050 ## - LIBRARY OF CONGRESS CALL NUMBER
Classification number TP934
Item number .P37
082 ## - DEWEY DECIMAL CLASSIFICATION NUMBER
Classification number 338.4/7/66760954
210 ## - ABBREVIATED TITLE
Abbreviated title Paintindia, Annu.
222 ## - KEY TITLE
Key title Paintindia. Annual
245 ## - TITLE STATEMENT
Title Paintindia.
246 ## - VARYING FORM OF TITLE
Title proper/short title Paint India. Annual
260 ## - PUBLICATION, DISTRIBUTION, ETC. (IMPRINT)
Place of publication, distribution, etc [Bombay,
Name of publisher, distributor, etc Colour Publications]
300 ## - PHYSICAL DESCRIPTION
Extent v.
Other physical details ill.
Dimensions 29 cm.
310 ## - CURRENT PUBLICATION FREQUENCY
Current publication frequency Annual
362 ## - DATES OF PUBLICATION AND/OR SEQUENTIAL DESIGNATION
Dates of publication and/or sequential designation Began in 1968.
510 ## - CITATION/REFERENCES NOTE
Name of source Chemical abstracts
International Standard Serial Number 0009-2258
515 ## - NUMBERING PECULIARITIES NOTE
Numbering peculiarities note Vols. prior to 1968 numbered as issues of Paintindia, issued monthly.
590 ## - LOCAL NOTE (RLIN)
Local note SERBIB/SERLOC merged record
650 ## - SUBJECT ADDED ENTRY--TOPICAL TERM
Topical term or geographic name as entry element Paint industry and trade
Geographic subdivision India
Form subdivision Periodicals.
650 ## - SUBJECT ADDED ENTRY--TOPICAL TERM
Topical term or geographic name as entry element Printing ink industry
Geographic subdivision India
Form subdivision Periodicals.
780 ## - PRECEDING ENTRY
Title Paintindia
Record control number (OCoLC)1640543
906 ## - LOCAL DATA ELEMENT F, LDF (RLIN)
a 7
b cbc
c serials
d 3
e ncip
f 19
g n-oclcserc
936 ## - OCLC/CONSER MISCELLANEOUS DATA (OCLC); PIECE USED FOR CATALOGING (pre-AACR2) (RLIN)
OCLC control number(s) of parallel record(s) (OCLC); Piece used for cataloging, PUC (RLIN) 1970 (surrogate)
942 ## - ADDED ENTRY ELEMENTS (KOHA)
Source of classification or shelving scheme Dewey Decimal Classification
Item type Periodicals
Classification part 338.4/7/66760954
Call number suffix PAI
Serial record 1
Holdings
Withdrawn status Lost status Source of classification or shelving scheme Damaged status Not for loan Collection code Home library Current library Date acquired Total Checkouts Full call number Date last seen Price effective from Koha item type
    Dewey Decimal Classification   Not For Loan Non-fiction D.B.Act.Division D.B.Act.Division 12/01/2009   338.4/7/66760954 PAI 12/01/2009 12/01/2009 Periodicals

© Delhi Public Library
Hit Counter
free hit counter